National Assembly Library of Thailand

การประเมินผลการบริหารงานองค์การบริหารส่วนตำบล กรณีศึกษาองค์การบริหารส่วนตำบลประทาย จังหวัดนครราชสีมา (ระเบียนเลขที่ 29310)

รายละเอียดในรูปแบบ MARC
000 -LEADER
fixed length control field 01297nam a22002177a 4500
005 - DATE AND TIME OF LATEST TRANSACTION
control field 20210325191715.0
008 - FIXED-LENGTH DATA ELEMENTS--GENERAL INFORMATION
fixed length control field s2539 th tha d
041 ## - LANGUAGE CODE
Language code of text/sound track or separate title tha
090 ## - LOCALLY ASSIGNED LC-TYPE CALL NUMBER (OCLC); LOCAL CALL NUMBER (RLIN)
Classification number (OCLC) (R) ; Classification number, CALL (RLIN) (NR) ว JS7408.2.N37 ล344ก 2539
100 0# - MAIN ENTRY--PERSONAL NAME
Personal name ลำพอง พิลาสมบัติ
245 10 - TITLE STATEMENT
Title การประเมินผลการบริหารงานองค์การบริหารส่วนตำบล กรณีศึกษาองค์การบริหารส่วนตำบลประทาย จังหวัดนครราชสีมา
260 3# - PUBLICATION, DISTRIBUTION, ETC.
Place of publication, distribution, etc. ม.ป.ท. :
Name of publisher, distributor, etc. สถาบันพระปกเกล้า,
Date of publication, distribution, etc. 2539
300 ## - PHYSICAL DESCRIPTION
Extent 72 หน้า :
Other physical details แผนภูมิ, ตาราง ;
Dimensions 30 ซม.
650 04 - SUBJECT ADDED ENTRY--TOPICAL TERM
Topical term or geographic name entry element องค์การบริหารส่วนตำบล -- รายได้
650 04 - SUBJECT ADDED ENTRY--TOPICAL TERM
Topical term or geographic name entry element พระราชบัญญัติสภาตำบลและองค์การบริหารส่วนตำบล พ.ศ. 2537
650 04 - SUBJECT ADDED ENTRY--TOPICAL TERM
Topical term or geographic name entry element องค์การบริหารส่วนตำบล -- นครราชสีมา -- การบริหาร
850 ## - HOLDING INSTITUTION
Holding institution NALT
942 ## - ADDED ENTRY ELEMENTS (KOHA)
Koha item type Research/Thesis
997 ## -
-- 000000000029310
-- VC
998 ## - LOCAL CONTROL INFORMATION (RLIN)
-- BENJALUCK SUTTHIWILAI
รายการที่มีในห้องสมุด
Withdrawn status Lost status Damaged status Not for loan Collection code Home library Current library Total Checkouts Full call number Barcode Date last seen Copy number Price effective from Koha item type
        Research & Theses collection National Assembly Library of Thailand National Assembly Library of Thailand   ว JS7408.2.N37 ล344ก 2539 3961120902 09/06/2017 ฉ. 2 09/06/2017 Research/Thesis
        Research & Theses collection National Assembly Library of Thailand National Assembly Library of Thailand   ว JS7408.2.N37 ล344ก 2539 3961120033 09/06/2017 ฉ. 1 09/06/2017 Research/Thesis
หอสมุดรัฐสภา
สำนักงานเลขาธิการสภาผู้แทนราษฎร เลขที่ 1111 ถนนสามเสน แขวงถนนนครไชยศรี เขตดุสิต กรุงเทพฯ 10300
The Secretariat of the House of Representatives 1111 Samsen Road, Thanon Nakhon Chai Si, Dusit, Bangkok 10300, THAILAND
โทรศัพท์: +66(0) 2242 5900 ต่อ 5714-5 โทรสาร: +66(0) 2242 5990 อีเมล: [email protected]